[Event "IECG WC.2006.T.00004 email"]
[Site "IECG email"]
[Date "2006.02.07"]
[Round "?"]
[White "Dutra Neto, Alfredo Carlos S"]
[Black "Sheikhman, Vadim"]
[Result "1-0"]
[WhiteElo "2423"]
[BlackElo "2142"]
[PlyCount "65"]
[EventDate "2006.02.07"]
[EventType "tourn (corr)"]
[EventRounds "6"]
[SourceTitle "Corr 2008"]
[Source "ChessBase"]
[SourceDate "2008.06.24"]
[SourceVersion "1"]
[SourceVersionDate "2008.06.24"]
[SourceQuality "1"]

1. d4 d5 2. c4 c6 3. Nf3 Nf6 4. Nc3 e6 5. e3 Nbd7 6. Bd3 dxc4 7. Bxc4 b5 8. Bd3 a6 9. e4 c5 10. d5 exd5 11. e5 Ng4 12. Bg5 f6 13. exf6 gxf6 14. Bh4 Qe7+ 15. Kf1 Nb6 16. h3 Nh6 17. Qd2 Qd6 18. Re1+ Kf7 19. g4 Ra7 20. g5 Nf5 21. gxf6 Nxh4 22. Qg5 Nxf3 23. Qh5+ Kxf6 24. Qxf3+ Kg7 25. Rg1+ Qg6 26. Qh5 Qxg1+ 27. Kxg1 Re7 28. Re5 b4 29. Rg5+ Kf6 30. Nxd5+ Nxd5 31. Rxd5 Re1+ 32. Kh2 Rg8 33. Bxh7 1-0

[Event "IECG WC.2006.T.00004 email"]
[Site "IECG email"]
[Date "2006.02.07"]
[Round "?"]
[White "Massimini Gerbino, Massimiliano"]
[Black "Sheikhman, Vadim"]
[Result "1/2-1/2"]
[WhiteElo "2369"]
[BlackElo "2142"]
[PlyCount "91"]
[EventDate "2006.02.07"]
[EventType "tourn (corr)"]
[EventRounds "6"]
[SourceTitle "Corr 2008"]
[Source "ChessBase"]
[SourceDate "2008.06.24"]
[SourceVersion "1"]
[SourceVersionDate "2008.06.24"]
[SourceQuality "1"]

1. d4 d5 2. Nf3 Nf6 3. Bg5 Ne4 4. Bf4 c5 5. e3 Qb6 6. Qc1 cxd4 7. exd4 Nc6 8. c3 Bg4 9. Nbd2 Nxd2 10. Qxd2 Bxf3 11. gxf3 e6 12. 0-0-0 0-0-0 13. Kb1 Bd6 14. Bxd6 Rxd6 15. Qg5 g6 16. Qf6 Rf8 17. Qg7 Rdd8 18. Qxh7 Qc7 19. Qh3 Rh8 20. Qg3 Rh5 21. h3 Rdh8 22. Qxc7+ Kxc7 23. Kc2 Rf5 24. Rd3 Rf6 25. Rg1 Ne7 26. Rg4 Nf5 27. Rg1 Nh4 28. Be2 b5 29. Kb3 Nf5 30. Bf1 Nh4 31. Rg3 Kb6 32. a4 a6 33. Ka3 Nf5 34. Rg4 Nd6 35. axb5 axb5 36. Ka2 Ra8+ 37. Kb1 Rf5 38. b3 Rh5 39. Kb2 Rhh8 40. Rd1 Rhc8 41. Rc1 Rc7 42. Bd3 Rca7 43. Bb1 Rh8 44. h4 Rc8 45. Rgg1 Rh8 46. Rg4 1/2-1/2

[Event "IECG WC.2006.T.00004 email"]
[Site "IECG email"]
[Date "2006.02.07"]
[Round "?"]
[White "Sheikhman, Vadim"]
[Black "Gordh, David"]
[Result "1/2-1/2"]
[WhiteElo "2142"]
[BlackElo "2380"]
[PlyCount "92"]
[EventDate "2006.02.07"]
[EventType "tourn (corr)"]
[EventRounds "6"]
[SourceTitle "Corr 2008"]
[Source "ChessBase"]
[SourceDate "2008.06.24"]
[SourceVersion "1"]
[SourceVersionDate "2008.06.24"]
[SourceQuality "1"]

1. e4 c5 2. Nf3 d6 3. d4 cxd4 4. Nxd4 Nf6 5. Nc3 a6 6. Be2 e6 7. 0-0 Be7 8. a4 0-0 9. Be3 Qc7 10. a5 Nbd7 11. Nb3 b5 12. axb6 Nxb6 13. Qd4 Nfd7 14. Rfd1 Rd8 15. Qb4 Rb8 16. Qa5 Bb7 17. Bxa6 Bxa6 18. Qxa6 Nc4 19. Nb5 Qc8 20. Na7 Qxa6 21. Rxa6 Nxe3 22. fxe3 Ra8 23. Rda1 Kf8 24. Nc6 Rxa6 25. Rxa6 Nb8 26. Nxd8 Nxa6 27. Nc6 Bf6 28. c3 h5 29. Kf2 Ke8 30. Nca5 Kd7 31. Nc4 g5 32. h3 Bd8 33. e5 d5 34. Nd6 f5 35. c4 dxc4 36. Nd4 c3 37. bxc3 Nc5 38. e4 f4 39. Kf3 Nd3 40. Nf7 Be7 41. g3 Ke8 42. Nd6+ Bxd6 43. exd6 Ne5+ 44. Kg2 Kd7 45. h4 fxg3 46. Kxg3 gxh4+ 1/2-1/2

[Event "IECG WC.2006.T.00004 email"]
[Site "IECG email"]
[Date "2006.02.07"]
[Round "?"]
[White "Wilczek, Tadeusz"]
[Black "Sheikhman, Vadim"]
[Result "1-0"]
[WhiteElo "2682"]
[BlackElo "2142"]
[PlyCount "71"]
[EventDate "2006.02.07"]
[EventType "tourn (corr)"]
[EventRounds "6"]
[SourceTitle "Telechess CBM 149"]
[Source "ChessBase"]
[SourceDate "2012.07.17"]
[SourceVersion "1"]
[SourceVersionDate "2012.07.17"]
[SourceQuality "1"]

1. e4 e5 2. Nf3 Nf6 3. d4 Nxe4 4. Bd3 d5 5. Nxe5 Nd7 6. Nxd7 Bxd7 7. 0-0 Qh4 8. g3 Qf6 9. Nc3 Nxc3 10. bxc3 0-0-0 11. Qh5 h6 12. Bf4 Be6 13. Be5 Qe7 14. Rab1 f6 15. Bf4 g5 16. Rfe1 Qf7 17. Qe2 gxf4 18. Qxe6+ Qxe6 19. Rxe6 Bd6 20. Rxf6 Rdf8 21. Rg6 Rfg8 22. Bf5+ Kb8 23. Rxg8+ Rxg8 24. g4 c6 25. Kg2 Kc7 26. Kf3 b5 27. Re1 a5 28. Re6 Rh8 29. h4 b4 30. cxb4 axb4 31. g5 hxg5 32. hxg5 c5 33. dxc5 Bxc5 34. g6 Ra8 35. Kxf4 Bxf2 36. Ke5 1-0

[Event "IECG WC.2006.S.00006 email"]
[Site "IECG email"]
[Date "2004.07.18"]
[Round "?"]
[White "Kharitonov, Aleksandr Alekseevi"]
[Black "Sheikhman, Vadim"]
[Result "1/2-1/2"]
[WhiteElo "2234"]
[BlackElo "2083"]
[PlyCount "45"]
[EventDate "2004.07.18"]
[EventType "tourn (corr)"]
[EventRounds "10"]
[SourceTitle "Corr 2008"]
[Source "ChessBase"]
[SourceDate "2008.06.24"]
[SourceVersion "1"]
[SourceVersionDate "2008.06.24"]
[SourceQuality "1"]

1. e4 e5 2. d4 exd4 3. Qxd4 Nc6 4. Qe3 Nf6 5. Bd2 Ng4 6. Qg3 d5 7. Nc3 Bd6 8. f4 Be7 9. 0-0-0 Bh4 10. Qf3 Nf2 11. exd5 Ne7 12. Bb5+ Bd7 13. d6 cxd6 14. Qxb7 Bxb5 15. Qxb5+ Qd7 16. Nf3 Bf6 17. Rdf1 Nxh1 18. Ne4 Qxb5 19. Nxd6+ Kd7 20. Nxb5 Rab8 21. Nc3 Rhe8 22. g4 Nc6 23. g5 1/2-1/2

[Event "IECG WC.2006.S.00006 email"]
[Site "IECG email"]
[Date "2004.07.18"]
[Round "?"]
[White "Percze, Janos"]
[Black "Sheikhman, Vadim"]
[Result "1/2-1/2"]
[WhiteElo "2342"]
[BlackElo "2083"]
[PlyCount "49"]
[EventDate "2004.07.18"]
[EventType "tourn (corr)"]
[EventRounds "10"]
[SourceTitle "Corr 2008"]
[Source "ChessBase"]
[SourceDate "2008.06.24"]
[SourceVersion "1"]
[SourceVersionDate "2008.06.24"]
[SourceQuality "1"]

1. e4 e5 2. Nf3 Nf6 3. Nxe5 d6 4. Nf3 Nxe4 5. Nc3 Nxc3 6. dxc3 Be7 7. Bf4 0-0 8. Qd2 Nd7 9. 0-0-0 Nc5 10. h3 Be6 11. Kb1 Re8 12. Nd4 Ne4 13. Qe3 Bf6 14. Nxe6 Rxe6 15. Qf3 d5 16. Bd3 Qe7 17. Bxe4 dxe4 18. Qg3 Re8 19. Rd5 c6 20. Rd2 Be5 21. Bxe5 Rxe5 22. Qe3 Qg5 23. g4 Qxe3 24. fxe3 h5 25. Kc1 1/2-1/2

[Event "IECG WC.2006.S.00006 email"]
[Site "IECG email"]
[Date "2004.07.18"]
[Round "?"]
[White "Sheikhman, Vadim"]
[Black "Ingersol, Harry"]
[Result "1/2-1/2"]
[WhiteElo "2083"]
[BlackElo "2340"]
[PlyCount "56"]
[EventDate "2004.07.18"]
[EventType "tourn (corr)"]
[EventRounds "10"]
[SourceTitle "Corr 2008"]
[Source "ChessBase"]
[SourceDate "2008.06.24"]
[SourceVersion "1"]
[SourceVersionDate "2008.06.24"]
[SourceQuality "1"]

1. e4 c5 2. Nf3 Nc6 3. d4 cxd4 4. Nxd4 Nf6 5. Nc3 e5 6. Ndb5 d6 7. Nd5 Nxd5 8. exd5 Nb8 9. c4 a6 10. Nc3 Be7 11. Be2 0-0 12. 0-0 Nd7 13. Be3 f5 14. f4 Bf6 15. fxe5 Bxe5 16. Qd2 Nf6 17. Bd4 Re8 18. Kh1 Bd7 19. Rae1 Qa5 20. Bxe5 Rxe5 21. Bd3 Qc5 22. Rxe5 dxe5 23. Bxf5 Bxf5 24. Rxf5 Qxc4 25. h3 Qd4 26. Qg5 h6 27. Qg6 e4 28. Rf4 Qe5 1/2-1/2

[Event "IECG WC.2006.S.00006 email"]
[Site "IECG email"]
[Date "2004.07.18"]
[Round "?"]
[White "Sheikhman, Vadim"]
[Black "Sidenko, Anatoly Viktorovich"]
[Result "1/2-1/2"]
[WhiteElo "2083"]
[BlackElo "2303"]
[PlyCount "74"]
[EventDate "2004.07.18"]
[EventType "tourn (corr)"]
[EventRounds "10"]
[SourceTitle "Corr 2008"]
[Source "ChessBase"]
[SourceDate "2008.06.24"]
[SourceVersion "1"]
[SourceVersionDate "2008.06.24"]
[SourceQuality "1"]

1. e4 e5 2. Nf3 Nc6 3. d4 exd4 4. Nxd4 Bc5 5. Nf5 d5 6. Nxg7+ Kf8 7. Nh5 Qh4 8. Ng3 Nf6 9. Be2 dxe4 10. 0-0 h5 11. Be3 Bxe3 12. fxe3 Qg5 13. Nc3 h4 14. Ngxe4 Nxe4 15. Nxe4 Qxe3+ 16. Nf2 h3 17. Qd3 Qxd3 18. Nxd3 Nd4 19. Nf4 Nxe2+ 20. Nxe2 hxg2 21. Rf2 Rg8 22. Rxg2 Bf5 23. Rxg8+ Kxg8 24. Nd4 Bg6 25. c3 c5 26. Nf3 Rd8 27. Re1 f6 28. Kf2 Kf7 29. Re2 Rd5 30. Rd2 Bd3 31. Ke3 c4 32. Kf4 Rf5+ 33. Ke3 Rh5 34. h4 Kg6 35. Rg2+ Kh6 36. b4 a5 37. a3 Rd5 1/2-1/2

[Event "IECG WC.2006.S.00006 email"]
[Site "IECG email"]
[Date "2004.07.18"]
[Round "?"]
[White "Sheikhman, Vadim"]
[Black "Winiarski, Michael L"]
[Result "1/2-1/2"]
[WhiteElo "2083"]
[BlackElo "2193"]
[PlyCount "87"]
[EventDate "2004.07.18"]
[EventType "tourn (corr)"]
[EventRounds "10"]
[SourceTitle "Corr 2008"]
[Source "ChessBase"]
[SourceDate "2008.06.24"]
[SourceVersion "1"]
[SourceVersionDate "2008.06.24"]
[SourceQuality "1"]

1. e4 Nf6 2. e5 Nd5 3. d4 d6 4. Nf3 Nb6 5. Nc3 g6 6. a4 a5 7. exd6 cxd6 8. Bb5+ Bd7 9. 0-0 Bg7 10. Re1 0-0 11. Bg5 Re8 12. Qd2 Bxb5 13. Nxb5 Nc6 14. b3 f6 15. Bh6 Bxh6 16. Qxh6 Nb4 17. Re2 e5 18. dxe5 dxe5 19. Rd2 Qe7 20. c3 Nc6 21. Qe3 e4 22. Nfd4 Nd5 23. Qg3 Rad8 24. Nf5 Qc5 25. c4 Nde7 26. Nfd6 Nf5 27. Rd5 Qxd5 28. cxd5 Nxg3 29. Nxe8 Rxe8 30. dxc6 bxc6 31. hxg3 cxb5 32. axb5 Kf7 33. Rxa5 f5 34. Ra7+ Ke6 35. Rxh7 Rb8 36. Rg7 Kf6 37. Ra7 Rxb5 38. Ra3 Kg5 39. Kf1 Kg4 40. Ke2 g5 41. Ke3 Rb7 42. Kd2 Rd7+ 43. Kc3 Rc7+ 44. Kd2 1/2-1/2

[Event "IECG CA.2001.0.00005"]
[Site "IECG email"]
[Date "2001.05.29"]
[Round "?"]
[White "Sheikhman, Vadim"]
[Black "Mende, Ingus"]
[Result "1/2-1/2"]
[WhiteElo "2034"]
[BlackElo "2000"]
[PlyCount "70"]
[EventDate "2001.05.29"]
[EventType "tourn (corr)"]
[EventRounds "6"]
[SourceTitle "Corr 2008"]
[Source "ChessBase"]
[SourceDate "2008.06.24"]
[SourceVersion "1"]
[SourceVersionDate "2008.06.24"]
[SourceQuality "1"]

1. e4 e6 2. d4 d5 3. Nd2 Nf6 4. e5 Nfd7 5. f4 c5 6. c3 Nc6 7. Ngf3 Qb6 8. Nb3 cxd4 9. Nbxd4 Nc5 10. Be2 Be7 11. 0-0 0-0 12. Qc2 Bd7 13. Be3 a5 14. Nxc6 bxc6 15. Ng5 g6 16. Rad1 Rfb8 17. b3 Qd8 18. Rf3 h6 19. Nh3 a4 20. b4 Ne4 21. Nf2 Nxf2 22. Bxf2 a3 23. Rg3 Qf8 24. Qd2 c5 25. f5 exf5 26. Qxd5 Be6 27. Rxg6+ Kh8 28. Rxe6 fxe6 29. Qxe6 cxb4 30. cxb4 Rxb4 31. Rd7 Re8 32. h3 Bg5 33. Qg6 Re7 34. Rxe7 Bxe7 35. Bd3 Bc5 1/2-1/2

[Event "IECG CA.2001.0.00005"]
[Site "IECG email"]
[Date "2001.05.29"]
[Round "?"]
[White "Zhitnikov, Andrew"]
[Black "Sheikhman, Vadim"]
[Result "0-1"]
[WhiteElo "2000"]
[BlackElo "2034"]
[PlyCount "48"]
[EventDate "2001.05.29"]
[EventType "tourn (corr)"]
[EventRounds "6"]
[SourceTitle "Corr 2008"]
[Source "ChessBase"]
[SourceDate "2008.06.24"]
[SourceVersion "1"]
[SourceVersionDate "2008.06.24"]
[SourceQuality "1"]

1. e4 e5 2. Nf3 Nf6 3. Nxe5 d6 4. Nf3 Nxe4 5. d4 d5 6. Bd3 Bd6 7. 0-0 0-0 8. c4 c6 9. Nc3 Nxc3 10. bxc3 dxc4 11. Bxc4 Bg4 12. Qd3 Nd7 13. Ng5 Nf6 14. h3 Bh5 15. f4 h6 16. g4 hxg5 17. gxh5 gxf4 18. h6 Nh5 19. Qf5 Qh4 20. Rf3 b5 21. Bf1 gxh6 22. Qd7 Qf6 23. Qxc6 Rac8 24. Qd5 Qg6+ 0-1

[Event "IECG CP.1998.S.00004"]
[Site "IECG email"]
[Date "2000.10.01"]
[Round "?"]
[White "Figlio, Gino Franco"]
[Black "Sheikhman, Vadim"]
[Result "1-0"]
[WhiteElo "2059"]
[BlackElo "2021"]
[PlyCount "59"]
[EventDate "2000.10.01"]
[EventType "tourn (corr)"]
[EventRounds "6"]
[EventCountry "GER"]
[SourceTitle "Corr 2008"]
[Source "ChessBase"]
[SourceDate "2008.06.24"]
[SourceVersion "1"]
[SourceVersionDate "2008.06.24"]
[SourceQuality "1"]

1. e4 e5 2. Nf3 Nf6 3. d4 Nxe4 4. Bd3 d5 5. Nxe5 Nd7 6. Nxd7 Bxd7 7. 0-0 Qh4 8. c4 Nf6 9. Qe2+ Be6 10. f4 0-0-0 11. Nd2 dxc4 12. Bxc4 Bxc4 13. Qxc4 Nd5 14. Nf3 Qh5 15. Bd2 f6 16. a4 Bd6 17. g3 Rhe8 18. Rac1 Kb8 19. b4 Ne3 20. Bxe3 Rxe3 21. Kg2 Qg6 22. Rfe1 Rd3 23. Re6 Bxf4 24. Rce1 Bh6 25. R1e4 Rd1 26. Qe2 Rb1 27. Re8 Kc8 28. Nh4 Qf7 29. R4e7 Qd5+ 30. Kh3 1-0

[Event "IECG CP.1998.S.00004"]
[Site "IECG email"]
[Date "2000.10.01"]
[Round "?"]
[White "Lutzenberger, Reimund"]
[Black "Sheikhman, Vadim"]
[Result "1/2-1/2"]
[WhiteElo "2299"]
[BlackElo "2021"]
[PlyCount "75"]
[EventDate "2000.10.01"]
[EventType "tourn (corr)"]
[EventRounds "6"]
[EventCountry "GER"]
[SourceTitle "Corr 2008"]
[Source "ChessBase"]
[SourceDate "2008.06.24"]
[SourceVersion "1"]
[SourceVersionDate "2008.06.24"]
[SourceQuality "1"]

1. e4 e5 2. Nf3 Nf6 3. Nc3 Bb4 4. Nxe5 0-0 5. Be2 Re8 6. Nd3 Bxc3 7. dxc3 Nxe4 8. Nf4 d6 9. 0-0 Nd7 10. f3 Nef6 11. c4 Qe7 12. Rf2 Qe5 13. Rb1 Nf8 14. b3 Ne6 15. Nd3 Qf5 16. Bb2 Bd7 17. Qd2 a5 18. g4 Qg5 19. Qxg5 Nxg5 20. Nf4 Ne6 21. Nxe6 Bxe6 22. Bxf6 gxf6 23. f4 Rad8 24. Bf3 Bc8 25. Rff1 f5 26. g5 Kg7 27. h4 Re7 28. Kf2 b6 29. Rbe1 Rde8 30. Rxe7 Rxe7 31. Rd1 f6 32. Rd3 fxg5 33. hxg5 h6 34. Re3 Rxe3 35. Kxe3 Kg6 36. gxh6 Kxh6 37. Bc6 Kh5 38. Kf3 1/2-1/2

[Event "IECG CP.1998.S.00004"]
[Site "IECG email"]
[Date "2000.10.01"]
[Round "?"]
[White "Sheikhman, Vadim"]
[Black "Otto, Jeffrey M"]
[Result "1/2-1/2"]
[WhiteElo "2021"]
[BlackElo "1955"]
[PlyCount "62"]
[EventDate "2000.10.01"]
[EventType "tourn (corr)"]
[EventRounds "6"]
[EventCountry "GER"]
[SourceTitle "Corr 2008"]
[Source "ChessBase"]
[SourceDate "2008.06.24"]
[SourceVersion "1"]
[SourceVersionDate "2008.06.24"]
[SourceQuality "1"]

1. e4 c5 2. Nf3 Nc6 3. d4 cxd4 4. Nxd4 g6 5. Nc3 Bg7 6. Be3 Nf6 7. Nxc6 bxc6 8. e5 Ng8 9. Bd4 f6 10. f4 Qa5 11. exf6 Nxf6 12. Bc4 c5 13. Be5 Ba6 14. Bxa6 Qxa6 15. Nd5 0-0 16. Nc7 Qa5+ 17. Qd2 Qxd2+ 18. Kxd2 Rab8 19. Rae1 e6 20. a4 Rb6 21. Nb5 a6 22. Nd6 Ng4 23. Nc4 Rb4 24. b3 Nxe5 25. fxe5 Rf2+ 26. Kd3 Rxg2 27. h4 Rb8 28. Re2 Rxe2 29. Kxe2 Kf7 30. Rd1 Ke7 31. a5 Rf8 1/2-1/2

[Event "IECG CP.1998.Q.00006"]
[Site "IECG email"]
[Date "1999.??.??"]
[Round "?"]
[White "Sheikhman, Vadim"]
[Black "Moro Lorente, Ricardo Javier"]
[Result "1-0"]
[WhiteElo "1820"]
[BlackElo "1750"]
[PlyCount "123"]
[EventDate "1999.10.01"]
[EventType "tourn (corr)"]
[EventRounds "8"]
[EventCountry "NED"]
[SourceTitle "Corr 2008"]
[Source "ChessBase"]
[SourceDate "2008.06.24"]
[SourceVersion "1"]
[SourceVersionDate "2008.06.24"]
[SourceQuality "1"]

1. e4 e5 2. Nf3 Nc6 3. Bb5 Bc5 4. c3 Qf6 5. 0-0 Nge7 6. d3 h6 7. Be3 Bb6 8. Nbd2 0-0 9. Nc4 d6 10. Nxb6 axb6 11. d4 Bg4 12. Be2 Ng6 13. h3 Bd7 14. Qd2 Rfe8 15. d5 Nce7 16. Nh2 Nf4 17. Bg4 Bxg4 18. Nxg4 Qg5 19. Bxf4 exf4 20. Nh2 Ng6 21. Nf3 Qf6 22. Rfe1 Re7 23. Qd3 Rae8 24. Rad1 Ne5 25. Nxe5 Rxe5 26. Qf3 g5 27. Re2 Qg6 28. Rd4 c5 29. dxc6 bxc6 30. Red2 Rxe4 31. Rxd6 Re1+ 32. Kh2 Qb1 33. Rd1 Rxd1 34. Rxd1 Qxb2 35. Rd6 Re6 36. Rxe6 fxe6 37. Qxc6 Qxf2 38. Qxe6+ Kg7 39. Qe5+ Kg6 40. a4 Kh5 41. c4 Kh4 42. Qe4 Qg3+ 43. Kg1 h5 44. Qe2 Qc3 45. Qf2+ Qg3 46. Qxb6 Qe1+ 47. Kh2 Qg3+ 48. Kh1 Qe1+ 49. Qg1 Qe2 50. Kh2 g4 51. Qd4 g3+ 52. Kh1 Qf1+ 53. Qg1 Qxc4 54. Qa1 Qa6 55. a5 Qc6 56. a6 f3 57. Qd4+ Kg5 58. h4+ Kg6 59. Qd3+ Kg7 60. gxf3 Qb6 61. Qe2 Qd8 62. Qe5+ 1-0

[Event "IECG CP.1998.P.00065"]
[Site "IECG email"]
[Date "1998.10.01"]
[Round "?"]
[White "Moeckel, Jean L"]
[Black "Sheikhman, Vadim"]
[Result "0-1"]
[WhiteElo "1377"]
[BlackElo "1820"]
[PlyCount "86"]
[EventDate "1998.10.01"]
[EventType "tourn (corr)"]
[EventRounds "6"]
[EventCountry "ITA"]
[SourceTitle "Corr 2008"]
[Source "ChessBase"]
[SourceDate "2008.06.24"]
[SourceVersion "1"]
[SourceVersionDate "2008.06.24"]
[SourceQuality "1"]

1. d4 d5 2. e4 dxe4 3. Nc3 Nf6 4. f3 exf3 5. Nxf3 Bg4 6. h3 Bxf3 7. Qxf3 c6 8. Be3 e6 9. 0-0-0 Bb4 10. Ne4 Nxe4 11. Qxe4 Qd5 12. Qxd5 cxd5 13. Bf4 Nc6 14. c3 Be7 15. Bb5 a6 16. Be2 0-0 17. Kb1 b5 18. Rhf1 Na5 19. b4 Nc4 20. Bxc4 dxc4 21. Kb2 a5 22. a3 Ra7 23. Ra1 Rfa8 24. g4 axb4 25. axb4 Rxa1 26. Rxa1 Rxa1 27. Kxa1 g5 28. Bc7 h5 29. Kb2 hxg4 30. hxg4 Kf8 31. Kc2 Ke8 32. Kd2 Kd7 33. Bh2 Bd6 34. Bg1 Bf4+ 35. Ke2 Kd6 36. Bf2 Kd5 37. Be1 Ke4 38. Bf2 f5 39. gxf5 exf5 40. Kd1 Kd3 41. Be1 g4 42. Bh4 Kxc3 43. d5 Kd4 0-1

[Event "IECG CP.1998.P.00065"]
[Site "IECG email"]
[Date "1998.10.01"]
[Round "?"]
[White "Poretti, Ennio"]
[Black "Sheikhman, Vadim"]
[Result "0-1"]
[WhiteElo "2172"]
[BlackElo "1820"]
[PlyCount "60"]
[EventDate "1998.10.01"]
[EventType "tourn (corr)"]
[EventRounds "6"]
[EventCountry "ITA"]
[SourceTitle "Corr 2008"]
[Source "ChessBase"]
[SourceDate "2008.06.24"]
[SourceVersion "1"]
[SourceVersionDate "2008.06.24"]
[SourceQuality "1"]

1. e4 e5 2. Nf3 Nf6 3. d4 exd4 4. e5 Ne4 5. Qxd4 d5 6. exd6 Nxd6 7. Nc3 Nc6 8. Qf4 Bf5 9. Bb5 Qe7+ 10. Kf1 Be4 11. Bxc6+ Bxc6 12. Ne5 Qe6 13. Nxc6 bxc6 14. Bd2 0-0-0 15. b3 Qg6 16. Rc1 Nf5 17. Ne4 Ba3 18. Re1 Nd4 19. c4 Rhe8 20. Ba5 Re7 21. h4 h5 22. g3 Bc1 23. Qxc1 Rxe4 24. Qb1 Nc2 25. Rd1 Rde8 26. Kg1 Re2 27. Rh2 Qg4 28. c5 R8e3 29. Rg2 Rf3 30. Rf1 Nd4 0-1

[Event "IECG CP.1998.P.00065"]
[Site "IECG email"]
[Date "1998.10.01"]
[Round "?"]
[White "Sheikhman, Vadim"]
[Black "Smits, Mark"]
[Result "1-0"]
[WhiteElo "1820"]
[BlackElo "800"]
[PlyCount "47"]
[EventDate "1998.10.01"]
[EventType "tourn (corr)"]
[EventRounds "6"]
[EventCountry "ITA"]
[SourceTitle "Corr 2008"]
[Source "ChessBase"]
[SourceDate "2008.06.24"]
[SourceVersion "1"]
[SourceVersionDate "2008.06.24"]
[SourceQuality "1"]

1. e4 e5 2. Nf3 Nc6 3. Bb5 Nge7 4. 0-0 a6 5. Bc4 d5 6. exd5 Nxd5 7. Nxe5 Nxe5 8. Qe2 f6 9. d4 Nf4 10. Qe4 Nfg6 11. f4 f5 12. Qe3 b5 13. Bb3 a5 14. a4 b4 15. fxe5 c5 16. c3 Qb6 17. Nd2 Qc7 18. Nc4 Be6 19. Nd6+ Kd7 20. Bxe6+ Kxe6 21. d5+ Kd7 22. Nf7 c4 23. d6 Ke8 24. dxc7 1-0